| 000 | 00909nas a2200241 4500 | ||
|---|---|---|---|
| 001 | 10737 | ||
| 003 | GR-kaGGEEl | ||
| 005 | 20220622205709.0 | ||
| 035 | _a10347 | ||
| 090 | _a10737 | ||
| 100 | _a20110414c k y0grey50 ga | ||
| 101 | 0 | _agre | |
| 102 | _aCY | ||
| 106 | _ae | ||
| 110 | _ac||| 0yy0 | ||
| 200 | 1 |
_aΑλήθεια [εφημερίδα] _eπαγκύπριος φιλελευθέρα εφημερίς _fυπεύθυνος - ιδιοκτήτης Αντώνης Φαρμακίδης |
|
| 310 | _aΗ βιβλιοθήκη διαθέτει τα εξής: αρ.φυλ. 1053 (17 Ιουν.1973), αρ.φυλ.1040 -1042 (11-25 Μαρτ.1974), αρ.φυλ.1051-1052 (3 -10 Ιουν.1974). | ||
| 606 | 1 |
_aΤύπος, Κυπριακός _923970 |
|
| 607 |
_aΚύπρος _xΕφημερίδες _916682 |
||
| 676 | _a079.5645 | ||
| 942 | _cCR | ||